[Event "SSC-Rostock-Open 2013"]
[Site "Rostock"]
[Date "2013.08.04"]
[Round "7.33"]
[White "Massloch, Lea"]
[Black "Gazizova, Alina"]
[Result "0-1"]
[WhiteElo "993"]
[BlackElo "1120"]
[PlyCount "48"]
[EventDate "2013.07.31"]
[EventType "swiss"]
[EventRounds "7"]
[EventCountry "GER"]
[Source "LSV Meck.-Vorp."]
[SourceDate "1999.06.01"]
[WhiteTeam "SAV Torgelow-Droegeheide 90"]
[BlackTeam "TuS Makkabi Rostock"]

1. e4 c5 2. Nf3 d6 3. d4 cxd4 4. Nxd4 Nf6 5. Nc3 a6 6. Be2 e6 7. a3 Be7 8. O-O
b5 9. Nb3 Bb7 10. Bd3 Nc6 11. Be3 Qc7 12. f4 O-O 13. Qe1 Ng4 14. Qg3 Nxe3 15.
Qxe3 Rfd8 16. Qh3 Qb6+ 17. Kh1 Bc8 18. Qg3 Rf8 19. f5 Qd8 20. Rf2 Bh4 21. Qg4
Bxf2 22. Rf1 Ne5 23. Qh3 Nxd3 24. cxd3 Qh4 0-1

[Event "SSC-Rostock-Open 2013"]
[Site "Rostock"]
[Date "2013.08.04"]
[Round "7.34"]
[White "Breuel, Steffen"]
[Black "Orthmann, Ralf"]
[Result "0-1"]
[WhiteElo "1183"]
[BlackElo "1028"]
[PlyCount "48"]
[EventDate "2013.07.31"]
[EventType "swiss"]
[EventRounds "7"]
[EventCountry "GER"]
[Source "LSV Meck.-Vorp."]
[SourceDate "1999.06.01"]
[WhiteTeam "SSC Rostock 07"]
[BlackTeam "Think Rochade - SC HRO"]

1. d4 d5 2. Nf3 Nf6 3. e3 Bg4 4. Nbd2 e6 5. Bd3 Bb4 6. c3 Bd6 7. O-O O-O 8. Re1
Re8 9. e4 dxe4 10. Nxe4 Be7 11. Nxf6+ Bxf6 12. Bf4 Nd7 13. h3 Bxf3 14. Qxf3 Bg5
15. Bxh7+ Kxh7 16. Qh5+ Kg8 17. Bxc7 Qxc7 18. Qxg5 Qc4 19. Re3 Rac8 20. Rg3 g6
21. Qh6 Nf8 22. Re1 Qxa2 23. Re4 Qb1+ 24. Kh2 Qxe4 0-1